[Event "Ruhrgebiet Verbandsbezirksliga Gr 1"]
[Site "Ruhrgebiet"]
[Date "2019.01.27"]
[Round "5.1"]
[White "Medger, Gernot"]
[Black "Nattermueller, Irina"]
[Result "1/2-1/2"]
[WhiteElo "1813"]
[BlackElo "1964"]
[PlyCount "86"]
[EventDate "2018.09.30"]
[EventType "team-tourn"]
[EventRounds "9"]
[EventCountry "GER"]
[SourceTitle "EXT 2022"]
[Source "ChessBase"]
[SourceDate "2021.10.06"]
[SourceVersion "1"]
[SourceVersionDate "2021.10.06"]
[SourceQuality "1"]
[WhiteTeam "Boenen SV II"]
[BlackTeam "Ahlen SV II"]
[WhiteTeamCountry "GER"]
[BlackTeamCountry "GER"]

1. d4 d5 2. Nf3 e6 3. c4 c5 4. Nc3 Nc6 5. cxd5 exd5 6. dxc5 d4 7. Na4 b5 8. cxb6 axb6 9. e3 Bb4+ 10. Bd2 Bxd2+ 11. Qxd2 Nf6 12. Bb5 Bd7 13. Nxd4 Nxd4 14. Qxd4 0-0 15. Bxd7 Nxd7 16. 0-0 Qe7 17. Nxb6 Nxb6 18. Qxb6 Rfb8 19. Qd4 Rb4 20. Qc3 Qb7 21. Rfc1 Rxb2 22. Qc6 Qxc6 23. Rxc6 h6 24. g4 Raxa2 25. Rxa2 Rxa2 26. Kg2 Rb2 27. Kg3 Re2 28. Rc8+ Kh7 29. Re8 Re1 30. h4 Rg1+ 31. Kf4 Ra1 32. Rd8 Ra5 33. e4 g5+ 34. hxg5 hxg5+ 35. Ke3 Ra3+ 36. Rd3 Ra4 37. f4 gxf4+ 38. Kxf4 Kg7 39. g5 Ra1 40. Rd5 Rf1+ 41. Ke5 Kg6 42. Kd6 Rg1 43. Rf5 Rxg5 1/2-1/2

[Event "Ruhrgebiet Bezirksliga 17/18"]
[Site "Ruhrgebiet"]
[Date "2018.01.28"]
[Round "6.1"]
[White "Rybicki, Hans"]
[Black "Nattermueller, Irina"]
[Result "1/2-1/2"]
[WhiteElo "1756"]
[BlackElo "1905"]
[PlyCount "71"]
[EventDate "2017.09.03"]
[EventType "team-tourn"]
[EventRounds "9"]
[EventCountry "GER"]
[SourceTitle "EXT 2022"]
[Source "ChessBase"]
[SourceDate "2021.10.06"]
[SourceVersion "1"]
[SourceVersionDate "2021.10.06"]
[SourceQuality "1"]
[WhiteTeam "Kamen SV IV"]
[BlackTeam "Ahlen SV II"]
[WhiteTeamCountry "GER"]
[BlackTeamCountry "GER"]

1. e4 c5 2. Nf3 e6 3. d4 cxd4 4. Nxd4 Nf6 5. Bd3 d6 6. 0-0 Be7 7. b3 0-0 8. Bb2 Nc6 9. Nd2 a6 10. a4 Qc7 11. Re1 b6 12. h3 Bb7 13. Nxc6 Qxc6 14. Qe2 Rfe8 15. Rac1 h6 16. c4 Qd7 17. Nf3 Nh5 18. Qe3 Rab8 19. Bb1 e5 20. Rcd1 Qe6 21. Kh2 Nf4 22. Ng1 Bg5 23. Qc3 Qg6 24. g3 Nh5 25. Qd3 Be7 26. Bc1 Red8 27. Qf3 Bc8 28. Bd3 Nf6 29. Bf1 h5 30. Rd3 Bb7 31. Rde3 Qh7 32. Kg2 Rf8 33. Bd3 Bc8 34. Qd1 Bb7 35. Qe2 Nd7 36. Kh2 1/2-1/2

[Event "Ruhrgebiet Bezirksliga 17/18"]
[Site "Ruhrgebiet"]
[Date "2017.11.19"]
[Round "4.1"]
[White "Lampe, Thomas"]
[Black "Nattermueller, Irina"]
[Result "0-1"]
[WhiteElo "1968"]
[BlackElo "1905"]
[PlyCount "52"]
[EventDate "2017.09.03"]
[EventType "team-tourn"]
[EventRounds "9"]
[EventCountry "GER"]
[SourceTitle "EXT 2022"]
[Source "ChessBase"]
[SourceDate "2021.10.06"]
[SourceVersion "1"]
[SourceVersionDate "2021.10.06"]
[SourceQuality "1"]
[WhiteTeam "Werl Wickede SG"]
[BlackTeam "Ahlen SV II"]
[WhiteTeamCountry "GER"]
[BlackTeamCountry "GER"]

1. e4 c5 2. Nf3 e6 3. d3 Nc6 4. g3 d5 5. Nbd2 Nf6 6. Bg2 Be7 7. 0-0 Qc7 8. Re1 b6 9. e5 Nd7 10. Qe2 Bb7 11. Nf1 0-0-0 12. Bf4 h6 13. h4 Rdg8 14. Qd2 g5 15. hxg5 hxg5 16. Bxg5 Bxg5 17. Nxg5 Ndxe5 18. c3 d4 19. f4 Ng4 20. Bf3 Nh6 21. Qg2 Nf5 22. Nxf7 Nh4 23. Rxe6 Nxg2 24. Nd6+ Kd7 25. Nb5 Qb8 26. Rd6+ Qxd6 0-1

[Event "BL2 West 1718 (Women)"]
[Site "Germany"]
[Date "2017.10.14"]
[Round "1.3"]
[White "Aden, Dagmar"]
[Black "Nattermueller, Irina"]
[Result "1/2-1/2"]
[WhiteElo "1824"]
[BlackElo "2055"]
[PlyCount "127"]
[EventDate "2017.10.14"]
[EventType "team-tourn"]
[EventRounds "7"]
[EventCountry "GER"]
[SourceTitle "EXT 2019"]
[Source "ChessBase"]
[SourceDate "2018.10.10"]
[SourceVersion "1"]
[SourceVersionDate "2018.10.10"]
[SourceQuality "1"]
[WhiteTeam "Delmenhorst (W)"]
[BlackTeam "Heiden (W)"]
[WhiteTeamCountry "GER"]
[BlackTeamCountry "GER"]

1. e4 c5 2. c3 d5 3. exd5 Qxd5 4. d4 Nf6 5. Nf3 Nc6 6. Na3 Qd8 7. Be2 cxd4 8. cxd4 e6 9. Nc2 Be7 10. 0-0 0-0 11. b3 a6 12. Bb2 b5 13. Ne3 Bb7 14. Rc1 Rc8 15. Ne5 Ne4 16. Nxc6 Rxc6 17. Rxc6 Bxc6 18. Qc2 Ba8 19. Bf3 f5 20. Rc1 Bd6 21. a4 Qh4 22. Nf1 Bd5 23. g3 Qh6 24. Bg2 Qg6 25. Ne3 Bb7 26. Qd3 f4 27. Nd1 f3 28. Bxf3 Rxf3 29. Qxf3 Nxg3 30. Qxb7 Ne2+ 31. Kf1 Nxc1 32. Qc8+ Kf7 33. Qxc1 Qd3+ 34. Kg1 Qh3 35. f4 Qg4+ 36. Kf2 Qh4+ 37. Kg1 Qe1+ 38. Kg2 Qe4+ 39. Kg1 Bxf4 40. Qc3 Qg6+ 41. Kf1 Bxh2 42. Qf3+ Ke8 43. Qa8+ Kd7 44. Qb7+ Bc7 45. Qf3 Qf5 46. Qxf5 exf5 47. axb5 axb5 48. Nc3 b4 49. Nd5 Bd6 50. Bc1 Ke6 51. Nf4+ Bxf4 52. Bxf4 Kd5 53. Be5 g5 54. Kg2 Ke4 55. Bd6 Kxd4 56. Bxb4 h5 57. Be7 g4 58. Kg3 Ke5 59. Bg5 Ke4 60. b4 Kd4 61. Bd2 Kc4 62. Kh4 f4 63. Bxf4 Kxb4 64. Kxh5 1/2-1/2

[Event "Ruhrgebiet Bezirksliga 17/18"]
[Site "Ruhrgebiet"]
[Date "2017.09.03"]
[Round "1.1"]
[White "Schlierkamp, Ferdinand"]
[Black "Nattermueller, Irina"]
[Result "1-0"]
[WhiteElo "2023"]
[BlackElo "1905"]
[PlyCount "99"]
[EventDate "2017.09.03"]
[EventType "team-tourn"]
[EventRounds "9"]
[EventCountry "GER"]
[SourceTitle "EXT 2022"]
[Source "ChessBase"]
[SourceDate "2021.10.06"]
[SourceVersion "1"]
[SourceVersionDate "2021.10.06"]
[SourceQuality "1"]
[WhiteTeam "Werne SK"]
[BlackTeam "Ahlen SV II"]
[WhiteTeamCountry "GER"]
[BlackTeamCountry "GER"]

1. e4 c5 2. Nf3 e6 3. d4 cxd4 4. Nxd4 Nf6 5. Nc3 d6 6. Be2 Be7 7. Be3 Nc6 8. 0-0 0-0 9. f4 e5 10. Nxc6 bxc6 11. fxe5 dxe5 12. Qe1 Qc7 13. Qg3 Kh8 14. Kh1 Be6 15. Bg5 Rab8 16. b3 Rbe8 17. Rad1 Rd8 18. h3 Rxd1 19. Rxd1 Rd8 20. Rxd8+ Bxd8 21. Qd3 Be7 22. Be3 Qa5 23. Bf3 h6 24. Bd2 Qc7 25. Na4 Qc8 26. Kh2 Nh7 27. Qc3 Qd7 28. Qd3 Qc8 29. Be3 Ng5 30. Bxa7 Bxh3 31. Bc5 Bf6 32. Nb6 Qe6 33. Qd6 Bxg2 34. Bxg2 Qg4 35. Qd3 Ne6 36. Bf2 Bg5 37. Qf3 Bf4+ 38. Kg1 Qg6 39. Kf1 Ng5 40. Qd3 Qf6 41. a4 Ne6 42. Bf3 Bc1 43. Nc4 Nd4 44. Bxd4 exd4 45. e5 Qf4 46. Qe4 Qg3 47. a5 Qh3+ 48. Bg2 Qc8 49. Kg1 Bg5 50. Qxc6 1-0

[Event "Ruhrgebiet Bezirksliga 16/17"]
[Site "Ruhrgebiet"]
[Date "2017.02.12"]
[Round "8.1"]
[White "Woertler, Lars Erik"]
[Black "Nattermueller, Irina"]
[Result "1/2-1/2"]
[WhiteElo "1867"]
[BlackElo "1918"]
[PlyCount "87"]
[EventDate "2016.08.28"]
[EventType "team-tourn"]
[EventRounds "11"]
[EventCountry "GER"]
[SourceTitle "EXT 2022"]
[Source "ChessBase"]
[SourceDate "2021.10.06"]
[SourceVersion "1"]
[SourceVersionDate "2021.10.06"]
[SourceQuality "1"]
[WhiteTeam "Hamm SV II"]
[BlackTeam "Ahlen SV II"]
[WhiteTeamCountry "GER"]
[BlackTeamCountry "GER"]

1. c4 c5 2. Nf3 e6 3. g3 Nf6 4. Bg2 d5 5. 0-0 Be7 6. cxd5 exd5 7. d4 0-0 8. Nc3 Nc6 9. a3 a6 10. dxc5 Bxc5 11. b4 Be7 12. e3 Bg4 13. Ne2 Qd7 14. Bb2 Rfd8 15. Rc1 h6 16. Qb3 Ne4 17. Qd1 Qf5 18. Nfd4 Nxd4 19. Nxd4 Qg6 20. f3 Bh5 21. g4 Qg5 22. Qe2 Bd6 23. gxh5 Qxh5 24. f4 Qg6 25. Kh1 Re8 26. Rg1 Bxf4 27. Bh3 Bg5 28. Bf5 Qd6 29. Qg2 g6 30. Bxe4 Rxe4 31. Rce1 Rae8 32. Bc1 Qe7 33. Bd2 Kh7 34. Rgf1 Kg7 35. Rf3 Qd7 36. Qf1 R8e7 37. Nb3 Rh4 38. Re2 Qb5 39. Re1 Qe8 40. Nc5 Qb8 41. Qg2 Qc8 42. Rc1 Rc7 43. Rff1 Qd8 44. Be1 1/2-1/2

[Event "Ruhrgebiet Bezirksliga 16/17"]
[Site "Ruhrgebiet"]
[Date "2017.01.08"]
[Round "6.1"]
[White "Schnelting, Michael"]
[Black "Nattermueller, Irina"]
[Result "1/2-1/2"]
[WhiteElo "2035"]
[BlackElo "1918"]
[PlyCount "33"]
[EventDate "2016.08.28"]
[EventType "team-tourn"]
[EventRounds "11"]
[EventCountry "GER"]
[SourceTitle "EXT 2022"]
[Source "ChessBase"]
[SourceDate "2021.10.06"]
[SourceVersion "1"]
[SourceVersionDate "2021.10.06"]
[SourceQuality "1"]
[WhiteTeam "Werne SK"]
[BlackTeam "Ahlen SV II"]
[WhiteTeamCountry "GER"]
[BlackTeamCountry "GER"]

1. c4 c5 2. g3 e6 3. Bg2 d5 4. Nf3 Nf6 5. 0-0 Be7 6. b3 Nc6 7. e3 0-0 8. Bb2 Re8 9. Qe2 Bd6 10. d3 e5 11. cxd5 Nxd5 12. Nfd2 Bf8 13. Rd1 Be6 14. Nc3 Nxc3 15. Bxc3 Qd7 16. Nc4 Bg4 17. Bf3 1/2-1/2

[Event "BL2 West 1617 (Women)"]
[Site "Germany"]
[Date "2016.10.22"]
[Round "1.1"]
[White "Off, Karina"]
[Black "Nattermueller, Irina"]
[Result "0-1"]
[WhiteElo "1790"]
[BlackElo "2052"]
[PlyCount "72"]
[EventDate "2016.10.22"]
[EventType "team-tourn"]
[EventRounds "7"]
[EventCountry "GER"]
[SourceTitle "EXT 2018"]
[Source "ChessBase"]
[SourceDate "2017.10.13"]
[SourceVersion "1"]
[SourceVersionDate "2017.10.13"]
[SourceQuality "1"]
[WhiteTeam "Quickborn Holstein (W)"]
[BlackTeam "Heiden (W)"]
[WhiteTeamCountry "GER"]
[BlackTeamCountry "GER"]

1. Nf3 d5 2. d4 e6 3. Nbd2 c5 4. c3 Nc6 5. e3 Bd6 6. dxc5 Bxc5 7. Nb3 Bb6 8. Nbd4 Nf6 9. Bd3 0-0 10. Nxc6 bxc6 11. Qc2 Qd6 12. b3 e5 13. Nd2 e4 14. Be2 Re8 15. Bb2 a5 16. a4 Bf5 17. h3 Rad8 18. g4 Bc8 19. g5 Nd7 20. c4 Bxe3 21. fxe3 Qg3+ 22. Kf1 Qxe3 23. Qc3 Qf4+ 24. Ke1 d4 25. Qxa5 e3 26. Nf3 d3 27. Qc3 Qg3+ 28. Kd1 dxe2+ 29. Kc2 Ne5 30. Nxe5 Bf5+ 31. Kc1 Rxe5 32. Qb4 Rd1+ 33. Rxd1 exd1Q+ 34. Kxd1 Qf3+ 35. Ke1 Qf2+ 36. Kd1 e2+ 0-1

[Event "Ruhrgebiet Verbandsklasse Gruppe 3 1516"]
[Site "Germany"]
[Date "2016.02.21"]
[Round "7.2"]
[White "Hermanowski, Mark"]
[Black "Nattermueller, Irina"]
[Result "1-0"]
[WhiteElo "1825"]
[BlackElo "1984"]
[PlyCount "53"]
[EventDate "2015.09.06"]
[EventType "team-tourn"]
[EventRounds "9"]
[EventCountry "GER"]
[SourceTitle "EXT 2022"]
[Source "ChessBase"]
[SourceDate "2021.10.06"]
[SourceVersion "1"]
[SourceVersionDate "2021.10.06"]
[SourceQuality "1"]
[WhiteTeam "Hervest Dorsten"]
[BlackTeam "Ahlen SV II"]
[WhiteTeamCountry "GER"]
[BlackTeamCountry "GER"]

1. e4 c5 2. f4 d5 3. Nf3 Nc6 4. e5 h5 5. Be2 Nh6 6. 0-0 Qb6 7. Nc3 e6 8. Na4 Qc7 9. c4 d4 10. Ng5 g6 11. Ne4 Be7 12. Naxc5 Bxc5 13. Nxc5 Nxe5 14. Ne4 Nd7 15. b3 b6 16. Bb2 Nf5 17. Ng3 Qc5 18. Bf3 Rb8 19. Nxf5 gxf5 20. d3 Nf6 21. Qe1 Ng4 22. Qh4 Bb7 23. h3 Ne3 24. Qf6 Qf8 25. Qe5 Rd8 26. Bxb7 Qh6 27. Ba3 1-0

[Event "Ruhrgebiet Verbandsklasse Gruppe 3 1516"]
[Site "Germany"]
[Date "2015.12.20"]
[Round "5.2"]
[White "Dahlhaus, Friedhelm"]
[Black "Nattermueller, Irina"]
[Result "1-0"]
[WhiteElo "1882"]
[BlackElo "1984"]
[PlyCount "61"]
[EventDate "2015.09.06"]
[EventType "team-tourn"]
[EventRounds "9"]
[EventCountry "GER"]
[SourceTitle "EXT 2022"]
[Source "ChessBase"]
[SourceDate "2021.10.06"]
[SourceVersion "1"]
[SourceVersionDate "2021.10.06"]
[SourceQuality "1"]
[WhiteTeam "Bergeborbeck Wacker"]
[BlackTeam "Ahlen SV II"]
[WhiteTeamCountry "GER"]
[BlackTeamCountry "GER"]

1. e4 c5 2. Nf3 d6 3. d4 cxd4 4. Nxd4 Nf6 5. Nc3 e6 6. f4 Be7 7. Be2 Nc6 8. Be3 0-0 9. 0-0 e5 10. Nb3 exf4 11. Rxf4 Ne5 12. Kh1 Be6 13. Nd4 Bc4 14. Nf5 Bxe2 15. Qxe2 Re8 16. Rd1 Ng6 17. Rff1 Bf8 18. Bg5 Qb6 19. Nh6+ gxh6 20. Bxf6 Bg7 21. Nd5 Qa5 22. b4 Qa4 23. Qf2 Qd7 24. Bxg7 Kxg7 25. Nf6 Qe6 26. Nxe8+ Rxe8 27. Rxd6 Qxa2 28. Qf6+ Kg8 29. Rd7 Ne5 30. Rd5 Qb2 31. h3 1-0

[Event "Ruhrgebiet Verbandsklasse Gruppe 2 1415"]
[Site "Germany"]
[Date "2015.04.26"]
[Round "9.2"]
[White "Arndt, Olaf"]
[Black "Nattermueller, Irina"]
[Result "1-0"]
[WhiteElo "1886"]
[BlackElo "1984"]
[PlyCount "71"]
[EventDate "2014.09.21"]
[EventType "team-tourn"]
[EventRounds "9"]
[EventCountry "GER"]
[SourceTitle "EXT 2022"]
[Source "ChessBase"]
[SourceDate "2021.10.06"]
[SourceVersion "1"]
[SourceVersionDate "2021.10.06"]
[SourceQuality "1"]
[WhiteTeam "Horst Emscher II"]
[BlackTeam "Ahlen SV"]
[WhiteTeamCountry "GER"]
[BlackTeamCountry "GER"]

1. e4 c5 2. Nf3 e6 3. c4 d6 4. d4 cxd4 5. Nxd4 Nf6 6. Nc3 Be7 7. Be3 a6 8. Be2 Nbd7 9. 0-0 0-0 10. f4 Qc7 11. Rc1 Re8 12. Bf3 Rb8 13. Qd2 b6 14. e5 dxe5 15. Nc6 exf4 16. Bxf4 e5 17. Nxb8 exf4 18. Nxd7 Nxd7 19. Nd5 Bc5+ 20. Kh1 Qd6 21. Qxf4 Qxf4 22. Nxf4 Ne5 23. Bd5 Rf8 24. Rce1 Ng4 25. Nd3 Bd6 26. Rxf7 Rxf7 27. Re8+ Bf8 28. Rxc8 g6 29. Rc7 Nh6 30. Ne5 Bd6 31. Bxf7+ Nxf7 32. Rxf7 Bxe5 33. Rb7 Bd4 34. g4 a5 35. b3 Bc5 36. Kg2 1-0

[Event "Ruhrgebiet Verbandsklasse Gruppe 2 1415"]
[Site "Germany"]
[Date "2014.11.16"]
[Round "3"]
[White "Nattermueller, Irina"]
[Black "Mallee, Ralph"]
[Result "0-1"]
[WhiteElo "1968"]
[BlackElo "2120"]
[PlyCount "92"]
[EventDate "2014.09.21"]
[EventType "team-tourn"]
[EventRounds "9"]
[EventCountry "GER"]
[SourceTitle "EXT 2022"]
[Source "ChessBase"]
[SourceDate "2021.10.06"]
[SourceVersion "1"]
[SourceVersionDate "2021.10.06"]
[SourceQuality "1"]
[WhiteTeam "Ahlen SV"]
[BlackTeam "Dortmund SV"]
[WhiteTeamCountry "GER"]
[BlackTeamCountry "GER"]

1. e4 e5 2. Nf3 Nc6 3. Bb5 f5 4. Nc3 fxe4 5. Nxe4 d5 6. Nxe5 dxe4 7. Nxc6 Qd5 8. c4 Qd6 9. Qh5+ g6 10. Qe5+ Qxe5 11. Nxe5+ c6 12. Ba4 Bg7 13. d4 exd3 14. Nxd3 Bf5 15. Bc2 0-0-0 16. Nb4 Re8+ 17. Kf1 Be6 18. Bd3 Rd8 19. Be2 Rd7 20. Nc2 Ne7 21. Ne3 Nf5 22. Nxf5 Bxf5 23. h4 Re8 24. h5 Bd3 25. Be3 Bxb2 26. Rd1 Rxe3 27. fxe3 Rf7+ 28. Ke1 Bc3+ 29. Rd2 Rd7 30. Bxd3 Rxd3 31. hxg6 Rxd2 32. Rh3 Rxg2+ 33. Kf1 Rxg6 34. Rxh7 Rg4 35. Ke2 Rxc4 36. Kd3 Rc5 37. e4 a5 38. Rf7 a4 39. Rh7 Kb8 40. Rf7 Ka7 41. Rh7 Ka6 42. Rf7 b6 43. Rh7 Kb5 44. Rb7 Be5 45. Re7 Kb4 46. Re8 Ka3 0-1

[Event "Ruhrgebiet Verbandsklasse Gruppe 2 1415"]
[Site "Germany"]
[Date "2014.10.19"]
[Round "2.2"]
[White "Krueger, Sven"]
[Black "Nattermueller, Irina"]
[Result "0-1"]
[WhiteElo "1955"]
[BlackElo "1968"]
[PlyCount "94"]
[EventDate "2014.09.21"]
[EventType "team-tourn"]
[EventRounds "9"]
[EventCountry "GER"]
[SourceTitle "EXT 2022"]
[Source "ChessBase"]
[SourceDate "2021.10.06"]
[SourceVersion "1"]
[SourceVersionDate "2021.10.06"]
[SourceQuality "1"]
[WhiteTeam "Brackel SF III"]
[BlackTeam "Ahlen SV"]
[WhiteTeamCountry "GER"]
[BlackTeamCountry "GER"]

1. e4 c5 2. Nf3 e6 3. d3 d5 4. Nbd2 Nc6 5. g3 Nf6 6. Bg2 Be7 7. 0-0 b6 8. e5 Nd7 9. Re1 Qc7 10. Qe2 Bb7 11. Nf1 h6 12. h4 0-0-0 13. c3 Rdg8 14. N1h2 g5 15. hxg5 hxg5 16. Ng4 Rh5 17. d4 Rgh8 18. dxc5 Nxc5 19. c4 d4 20. Qd2 Qd8 21. b4 Nxb4 22. Qxb4 Rh1+ 23. Bxh1 Rxh1+ 24. Kxh1 Bxf3+ 25. Kg1 Bxg4 26. Qa3 Qh8 27. f3 Bf5 28. g4 Qh4 29. Re2 Qg3+ 30. Rg2 Qe1+ 31. Kh2 Qxe5+ 32. f4 gxf4 33. gxf5 f3+ 34. Rg3 Qe2+ 35. Kh3 f2 36. Bf4 f1Q+ 37. Rxf1 Qxf1+ 38. Kg4 Qb1 39. Qxa7 Qxf5+ 40. Kf3 Qe4+ 41. Kg4 Qe2+ 42. Kh3 Qf1+ 43. Kg4 Qe2+ 44. Kh3 Qf1+ 45. Kg4 Qd1+ 46. Kh3 Qh1+ 47. Kg4 f5# 0-1

[Event "BL2 West 1415 (Women)"]
[Site "Germany"]
[Date "2014.09.27"]
[Round "1.1"]
[White "Rosenfeld, Tatjana"]
[Black "Nattermueller, Irina"]
[Result "1-0"]
[WhiteElo "2085"]
[BlackElo "2083"]
[PlyCount "105"]
[EventDate "2014.09.27"]
[EventType "team-tourn"]
[EventRounds "7"]
[EventCountry "GER"]
[SourceTitle "CBM 166 Extra"]
[Source "ChessBase"]
[SourceDate "2015.06.18"]
[SourceVersion "1"]
[SourceVersionDate "2015.06.18"]
[SourceQuality "1"]
[WhiteTeam "Muelheim (W)"]
[BlackTeam "Heiden (W)"]
[WhiteTeamCountry "GER"]
[BlackTeamCountry "GER"]

1. d4 d5 2. Nf3 e6 3. e3 c5 4. b3 Nc6 5. Bd3 Nf6 6. 0-0 cxd4 7. exd4 Be7 8. Bb2 0-0 9. Nbd2 Nb4 10. Be2 b6 11. a3 Nc6 12. Bd3 Bb7 13. Qe2 Rc8 14. Ne5 Nxe5 15. dxe5 Nd7 16. b4 a5 17. Qh5 g6 18. Qg4 h5 19. Qg3 Bh4 20. Qh3 Kg7 21. f4 d4 22. Nc4 g5 23. Bxd4 Nc5 24. Nd6 Nxd3 25. Qxd3 Ba8 26. f5 Qc7 27. b5 Qxc2 28. Qxc2 Rxc2 29. Bf2 Bxf2+ 30. Rxf2 Rxf2 31. Kxf2 f6 32. fxe6 fxe5+ 33. Ke3 Kf6 34. Rf1+ Ke7 35. Rxf8 Kxf8 36. Nc8 Bxg2 37. Nxb6 Ke7 38. Nc4 Bf1 39. b6 Bg2 40. Nxa5 Kxe6 41. b7 Bxb7 42. Nxb7 Kd5 43. a4 g4 44. a5 h4 45. a6 Kc6 46. Nd6 Kb6 47. Nf5 g3 48. h3 Kxa6 49. Nxh4 Kb6 50. Ng6 e4 51. Nf4 Kc6 52. Kxe4 Kd6 53. Kf3 1-0

[Event "NRW Verbandsklasse Group1 1314"]
[Site "Nordrheinwestfalen"]
[Date "2014.03.09"]
[Round "8"]
[White "Nowicki, Heiko"]
[Black "Nattermueller, Irina"]
[Result "0-1"]
[WhiteElo "1907"]
[BlackElo "1966"]
[PlyCount "78"]
[EventDate "2013.09.08"]
[EventType "team-tourn"]
[EventRounds "9"]
[EventCountry "GER"]
[SourceTitle "EXT 2020"]
[Source "ChessBase"]
[SourceDate "2019.10.17"]
[SourceVersion "1"]
[SourceVersionDate "2019.10.17"]
[SourceQuality "1"]
[WhiteTeam "Unser Fritz"]
[BlackTeam "Ahlen SV II"]
[WhiteTeamCountry "GER"]
[BlackTeamCountry "GER"]

1. e4 c5 2. Nf3 e6 3. d3 Nc6 4. Nbd2 d5 5. g3 Nf6 6. Bg2 Be7 7. 0-0 b6 8. Re1 Bb7 9. e5 Nd7 10. c4 d4 11. Qe2 Qc7 12. Ne4 Ndxe5 13. Nxe5 Qxe5 14. Bf4 Qf5 15. Nd6+ Bxd6 16. Bxd6 0-0-0 17. Be4 Qf6 18. Bf4 Qe7 19. h4 h6 20. h5 Qd7 21. b4 Nxb4 22. Bxb7+ Qxb7 23. a4 a5 24. Rab1 Rhg8 25. Rxb4 cxb4 26. Qe5 Qc6 27. Qb8+ Kd7 28. Qa7+ Ke8 29. Bc7 Rc8 30. Bxb6 Ra8 31. Qc7 Qxc7 32. Bxc7 Kd7 33. Bb6 Kc6 34. Bxd4 Rad8 35. Re4 Rd6 36. Rg4 g5 37. hxg6 Rxg6 38. Rh4 f5 39. Kf1 Rg5 0-1

[Event "BL2 West 1314 (Women)"]
[Site "Germany"]
[Date "2014.02.16"]
[Round "5.1"]
[White "Diederichs, Luise"]
[Black "Nattermueller, Irina"]
[Result "1-0"]
[WhiteElo "1932"]
[BlackElo "2087"]
[PlyCount "73"]
[EventDate "2013.11.30"]
[EventType "team-tourn"]
[EventRounds "7"]
[EventCountry "GER"]
[SourceTitle "EXT 2018"]
[Source "ChessBase"]
[SourceDate "2017.10.13"]
[SourceVersion "1"]
[SourceVersionDate "2017.10.13"]
[SourceQuality "1"]
[WhiteTeam "Norderstedt Harksheide (W)"]
[BlackTeam "Heiden (W)"]
[WhiteTeamCountry "GER"]
[BlackTeamCountry "GER"]

1. e4 c5 2. Nf3 e6 3. d4 cxd4 4. Nxd4 Nf6 5. Nc3 d6 6. g4 a6 7. g5 Nfd7 8. a4 b6 9. Be3 Bb7 10. Qh5 g6 11. Qh4 Bg7 12. 0-0-0 Nc6 13. Nxc6 Bxc6 14. Bd4 Bxd4 15. Rxd4 Qc7 16. Bg2 0-0-0 17. Qg3 e5 18. Rd2 Kb8 19. b3 Nc5 20. Kb2 Ne6 21. Rhd1 h6 22. gxh6 Rxh6 23. Bf1 Ka7 24. a5 b5 25. Qe3+ Kb7 26. Qxh6 Qxa5 27. Ra1 Qb4 28. Qe3 Rc8 29. Na2 Qxe4 30. Qxe4 Bxe4 31. Nc3 Bc6 32. Rxd6 Nd4 33. Bd3 g5 34. Rf6 Rc7 35. Ne4 Ne6 36. Nd6+ Kb8 37. Rxf7 1-0

[Event "BL2 West 1314 (Women)"]
[Site "Germany"]
[Date "2013.12.01"]
[Round "2.1"]
[White "Kozlova, Olga"]
[Black "Nattermueller, Irina"]
[Result "1/2-1/2"]
[WhiteElo "2230"]
[BlackElo "2087"]
[PlyCount "69"]
[EventDate "2013.11.30"]
[EventType "team-tourn"]
[EventRounds "7"]
[EventCountry "GER"]
[SourceTitle "EXT 2018"]
[Source "ChessBase"]
[SourceDate "2017.10.13"]
[SourceVersion "1"]
[SourceVersionDate "2017.10.13"]
[SourceQuality "1"]
[WhiteTeam "Delmenhorst (W)"]
[BlackTeam "Heiden (W)"]
[WhiteTeamCountry "GER"]
[BlackTeamCountry "GER"]

1. Nf3 d5 2. c4 e6 3. b3 c5 4. Bb2 Nf6 5. d3 Nc6 6. Nbd2 Be7 7. e3 0-0 8. d4 Re8 9. Ne5 cxd4 10. exd4 Qb6 11. c5 Qc7 12. Nxc6 bxc6 13. Bd3 e5 14. dxe5 Bxc5 15. 0-0 Ng4 16. Bxh7+ Kxh7 17. Qc2+ Kg8 18. Qxc5 Nxe5 19. Bxe5 Rxe5 20. Nf3 Re4 21. Rfe1 Be6 22. Nd4 Bd7 23. Rxe4 dxe4 24. Rc1 Rc8 25. Nb5 Qf4 26. Nxa7 Ra8 27. Nxc6 Rxa2 28. Ne7+ Kh7 29. Qh5+ Qh6 30. Qxh6+ Kxh6 31. h4 Rb2 32. Rc4 e3 33. fxe3 Rxb3 34. Rd4 Be6 35. Kf2 1/2-1/2

[Event "Ruhrgebiet Verbandsliga2 1213"]
[Site "Nordrheinwestfalen"]
[Date "2013.04.28"]
[Round "9"]
[White "Nattermueller, Irina"]
[Black "Frohne, Gerd"]
[Result "0-1"]
[WhiteElo "2056"]
[BlackElo "2073"]
[PlyCount "54"]
[EventDate "2012.09.02"]
[EventType "team-tourn"]
[EventRounds "9"]
[EventCountry "GER"]
[SourceTitle "EXT 2020"]
[Source "ChessBase"]
[SourceDate "2019.10.17"]
[SourceVersion "1"]
[SourceVersionDate "2019.10.17"]
[SourceQuality "1"]
[WhiteTeam "Ahlen SV II"]
[BlackTeam "Gladbeck SG"]
[WhiteTeamCountry "GER"]
[BlackTeamCountry "GER"]

1. e4 e6 2. d4 d5 3. Nc3 Nf6 4. Bg5 dxe4 5. Nxe4 Be7 6. Bxf6 gxf6 7. Nf3 f5 8. Ned2 a6 9. Bd3 b6 10. Qe2 Bb7 11. 0-0-0 Rg8 12. Rhg1 Qd5 13. Bc4 Qd6 14. Ne5 Nd7 15. Nxf7 Kxf7 16. Bxe6+ Qxe6 17. Qh5+ Qg6 18. Qe2 Bg5 19. Qc4+ Qe6 20. Qa4 b5 21. Qa3 Nb6 22. Kb1 Bxd2 23. Qh3 Nc4 24. Qxh7+ Rg7 25. Qh5+ Kg8 26. g4 Bf3 27. Rdf1 Bxg4 0-1

[Event "Ruhrgebiet Verbandsliga2 1213"]
[Site "Nordrheinwestfalen"]
[Date "2013.02.24"]
[Round "7.1"]
[White "Nattermueller, Irina"]
[Black "Pilat, Daniel"]
[Result "0-1"]
[WhiteElo "2068"]
[BlackElo "2149"]
[PlyCount "52"]
[EventDate "2012.09.02"]
[EventType "team-tourn"]
[EventRounds "9"]
[EventCountry "GER"]
[SourceTitle "EXT 2020"]
[Source "ChessBase"]
[SourceDate "2019.10.17"]
[SourceVersion "1"]
[SourceVersionDate "2019.10.17"]
[SourceQuality "1"]
[WhiteTeam "Ahlen SV II"]
[BlackTeam "Bochum SG III"]
[WhiteTeamCountry "GER"]
[BlackTeamCountry "GER"]

1. e4 c5 2. Nf3 e6 3. d4 cxd4 4. Nxd4 a6 5. Bd3 d5 6. e5 Nc6 7. Nxc6 bxc6 8. 0-0 Be7 9. c3 Qc7 10. Re1 f5 11. Nd2 Nh6 12. Nf3 Nf7 13. Qe2 0-0 14. h4 c5 15. Bf4 a5 16. Rad1 Qd8 17. h5 Qb6 18. Qd2 Bb7 19. Re2 Bc6 20. Kh2 Qb7 21. Rg1 d4 22. Ng5 dxc3 23. bxc3 Nxg5 24. Bxg5 Rad8 25. Rb1 Qc7 26. Be3 Be4 0-1